Místa zkropená krví : Kounicovy studentské koleje v Brně v letech nacistické okupace 1940-1945 /

Hlavní autor: Vašek, František, 1924-2008
Další autoři: Černý, Vladimír, 1975-, Břečka, Jan, 1966-
Jazyk: Čeština
Vydáno: Brno : Archiv města Brna :Moravské zemské muzeum, 2015
Vydání: Vydání první
Témata:
Externí odkaz: Digitalizovaný dokument
Fyzický popis: 616 stran : ilustrace (některé barevné), portréty, faksimile ; 24 cm
Language note: Anglické a německé resumé
Knihy
Uloženo v:
LEADER 03844nam a2200829 i 4500
001 nkc20152707599
003 CZ PrNK
005 20211202130329.0
007 ta
008 150616s2015 xr ach e 001 0 cze
015 |a cnb002707599 
020 |a 978-80-86736-41-9  |q (Archiv města Brna ;  |q vázáno) 
020 |a 978-80-7028-445-2  |q (Moravské zemské muzeum ;  |q vázáno) 
035 |a (OCoLC)918015031 
040 |a OLA001  |b cze  |d ABA001  |e rda 
041 0 |a cze  |b eng  |b ger 
043 |a e-xr---  |b e-xr-jm  |2 czenas 
045 |a x3x4 
072 7 |a 343.8  |x Vězeňství  |2 Konspekt  |9 18 
080 |a 378.16  |2 MRF 
080 |a 343.81  |2 MRF 
080 |a 323.28:329.19  |2 MRF 
080 |a [323.28:329.17]-058.6  |2 MRF 
080 |a 323.28:329.17  |2 MRF 
080 |a 94(100)"1939/1945"  |2 MRF 
080 |a (437.322)  |2 MRF 
080 |a (048.8:082)  |2 MRF 
100 1 |a Vašek, František,  |d 1924-2008  |7 pna2004259187  |4 aut 
245 1 0 |a Místa zkropená krví :  |b Kounicovy studentské koleje v Brně v letech nacistické okupace 1940-1945 /  |c František Vašek, Vladimír Černý, Jan Břečka 
246 3 0 |a Kounicovy studentské koleje v Brně v letech nacistické okupace 1940-1945 
250 |a Vydání první 
264 1 |a Brno :  |b Archiv města Brna :  |b Moravské zemské muzeum,  |c 2015 
300 |a 616 stran :  |b ilustrace (některé barevné), portréty, faksimile ;  |c 24 cm 
336 |a text  |b txt  |2 rdacontent 
337 |a bez média  |b n  |2 rdamedia 
338 |a svazek  |b nc  |2 rdacarrier 
500 |a Chronologický přehled 
500 |a 800 výtisků 
504 |a Obsahuje bibliografii, bibliografické odkazy a rejstřík 
546 |a Anglické a německé resumé 
610 2 7 |a Kounicovy studentské koleje  |7 xx0092852  |2 czenas 
648 7 |a 1939-1945  |7 ch460653  |2 czenas 
648 4 |a 1940-1945 
650 0 7 |a vysokoškolské koleje  |7 ph274673  |z Česko  |y 1939-1945  |2 czenas 
650 0 7 |a věznice  |7 ph127394  |z Česko  |y 1939-1945  |2 czenas 
650 0 7 |a nacistická perzekuce  |7 ph761285  |z Česko  |y 1939-1945  |2 czenas 
650 0 7 |a oběti nacismu  |7 ph123641  |z Česko  |y 1939-1945  |2 czenas 
650 0 7 |a zločiny nacismu  |7 ph120356  |z Česko  |y 1939-1945  |2 czenas 
650 0 7 |a druhá světová válka (1939-1945)  |7 ph117270  |z Česko  |2 czenas 
650 0 9 |a accommodation for college students  |z Czechia  |y 1939-1945  |2 eczenas 
650 0 9 |a prisons  |z Czechia  |y 1939-1945  |2 eczenas 
650 0 9 |a Nazi persecution  |z Czechia  |y 1939-1945  |2 eczenas 
650 0 9 |a victims of Nazism  |z Czechia  |y 1939-1945  |2 eczenas 
650 0 9 |a crimes of Nazism  |z Czechia  |y 1939-1945  |2 eczenas 
650 0 9 |a World War (1939-1945)  |z Czechia  |2 eczenas 
651 7 |a Brno (Česko)  |7 ge134084  |2 czenas 
651 9 |a Brno (Czechia)  |2 eczenas 
655 7 |a kolektivní monografie  |7 fd501537  |2 czenas 
655 9 |a collective monographs  |2 eczenas 
700 1 |a Černý, Vladimír,  |d 1975-  |7 pna2004259186  |4 aut 
700 1 |a Břečka, Jan,  |d 1966-  |7 jn20000400353  |4 aut 
856 4 1 |u https://www.digitalniknihovna.cz/mzk/uuid/uuid:4d3590e0-26f4-11e5-b44d-005056827e51  |y Digitalizovaný dokument  |x NDK 
910 2 |a BOA001  |b 2-1348.685 
990 |a BK 
995 |a 01 
991 |b 201507  |c NOV  |e n 
996 7 |b 2610637643  |c 2-1348.685  |l MZK  |r Sklad / do 1 hodiny  |n 27  |p kup  |w 001511585  |u 000050  |a 1  |e BOA001  |j MZK50  |s A 
996 6 |b 2610637644  |c 2-1348.685  |l MZK  |r Sklad / do 1 hodiny  |n 19  |p p.v.  |w 001511585  |u 000010  |a 1  |e BOA001  |j MZK50  |s P 
996 6 |b 2610637645  |c 2-1348.685  |l MZK  |r HSS 5p  |n 0  |p p.v.  |h 94(100) VAŠ  |w 001511585  |u 000020  |a 0  |e BOA001  |j MZK50  |s P 
996 7 |b 2610637646  |c 2-1348.685  |l MZK  |r Sklad / do 1 hodiny  |n 19  |p dar  |w 001511585  |u 000030  |a 1  |e BOA001  |j MZK50  |s A 
996 7 |b 2610637647  |c 2-1348.685  |l MZK  |r Sklad / do 1 hodiny  |n 24  |p dar  |w 001511585  |u 000040  |a 1  |e BOA001  |j MZK50  |s A 
996 7 |b 2610650157  |c 2-1348.685  |l MZK  |r Sklad / do 1 hodiny  |n 17  |p p.v.  |w 001511585  |u 000060  |a 1  |e BOA001  |j MZK50  |s A